000 01069nam a22002417a 4500
003 OSt
005 20210217212223.0
008 210217s1998 ck a|||gr|||| 00| 0 spa d
020 _a9588001862
040 _aCO-JMCR
_cCO-JMCR
041 0 _aspa
082 0 4 _a363.11922292 /
_bI597e
_223
110 2 _aInstituto de Seguros Sociales
_913566
245 1 0 _aEn defensa de la salud de los trabajadores del sector minero /
_cInstituto de Seguros Sociales
250 _aPrimera edición
260 _a[Bogotá] :
_bSeguro Social,
_c1998
300 _a41 páginas :
_bilustraciones a color ;
_c22 cm.
500 _a"Programa de investigación, educación y acción en salud de los trabajadores y el medio ambiente, proyecto formación para la participación en los sectores salud, agroindustria, minero y petrolero"-- Portada
505 0 _aSalud y trabajo -- El desarrollo de la propuesta en defensa de la salud en el trabajo
650 1 4 _aTrabajadores mineros
_xriesgos profesionales
_913591
650 2 4 _aIndustria minera
_xmedidas de seguridad
_913592
942 _2ddc
_cBK
999 _c7223
_d7223